| 000 | 00522 a2200193 4500 | ||
|---|---|---|---|
| 005 | 20210314122512.0 | ||
| 008 | 130627b xxu||||| |||| 00| 0 eng d | ||
| 022 | _a0-632-02904-8 | ||
| 040 | _cNUST | ||
| 082 | _a624.1833 MAJ | ||
| 100 |
_aMAJUMDAR, A.J. _936245 |
||
| 245 | _aGLASS FIBER REINFORCED CEMENT | ||
| 260 |
_aLONDON _bOXFORD BSP PROFESSIONAL BOOKS _c1991 |
||
| 300 | _aVIII, 197 P, ILL | ||
| 500 | _aCONSTRUCTION | ||
| 526 |
_a0 _b0 _c0 _d624_183300000000000_MAJ |
||
| 540 |
_a0 _u459 |
||
| 942 |
_2ddc _cBKB |
||
| 999 |
_c541401 _d541401 |
||